Online Catalogue and eLibrary

Asia literary review Vol.6 winter 2007 (Record no. 4451)

MARC details
000 -LEADER
fixed length control field 00443nam a2200181Ia 4500
005 - DATE AND TIME OF LATEST TRANSACTION
control field 20241128030809.0
008 - FIXED-LENGTH DATA ELEMENTS--GENERAL INFORMATION
fixed length control field 240331s9999 xx 000 0 und d
020 ## - INTERNATIONAL STANDARD BOOK NUMBER
ISBN 9789889966935
082 ## - DDC Classification
Item Number - Author Mark ASI
Class No. 6413
245 #0 - TITLE STATEMENT
Title Asia literary review Vol.6 winter 2007
260 ## - PUBLICATION, DISTRIBUTION, ETC.
Place of publication, distribution, etc. Hong Kong
Name of publisher, distributor, etc. Print Work Limited
Date of publication, distribution, etc. 2007
300 ## - PHYSICAL DESCRIPTION
Extent (e.g. Volumes, Pages etc.) 262 p .,
650 ## - SUBJECT ADDED ENTRY--TOPICAL TERM
Topical term or geographic name entry element Fiction
650 ## - SUBJECT ADDED ENTRY--TOPICAL TERM
Topical term or geographic name entry element Poems
650 ## - SUBJECT ADDED ENTRY--TOPICAL TERM
Topical term or geographic name entry element Essays
700 ## - ADDED ENTRY--PERSONAL NAME
Personal name Wood, C.
Relator term (Role) Editor
942 ## - Koha item type (Biblio)
Koha item type Books in Stacks (Lending)
Holdings
Lost status Damaged status Collection code Home library Current library Shelving location Date acquired Full call number Accession Number Item type
    Lending WERC Library WERC Library Social Science Cupboard 03/31/2024 894.8 ASI 6413 Books in Stacks (Lending)

© WERC Library